Tallest Skyscrapers in New York City (NYC) - Statistics

General Stats
  • This quiz has been taken 136 times
  • The average score is 5 of 12
Answer Stats
Hint Answer % Correct
1776 Feet Tall One World Trade Center
96%
1250 Feet Tall Empire State
93%
1046 Feet Tall Chrysler Building
66%
1550 Feet Tall Central Park Tower
54%
1397 Feet Tall 432 Park Avenue
46%
1401 Feet Tall One Vanderbilt
40%
1270 Feet Tall 30 Hudson Yards
33%
1428 Feet Tall 111 West
23%
1067 Feet Tall The Brooklyn Tower
21%
1004 Feet Tall One57
10%
1050 Feet Tall 53 West
8%
1031 Feet Tall The Spiral
6%
No matching quizzes found
Score Distribution
Percent of People with Each Score
Percentile by Number Answered
Your Score History
You have not taken this quiz